Surveying computations: mastery or mystery (Record no. 87122)

MARC details
000 -LEADER
fixed length control field 00454cam a2200181 4500
001 - CONTROL NUMBER
control field D8543
008 - FIXED-LENGTH DATA ELEMENTS--GENERAL INFORMATION
fixed length control field 090401t1981 xxu||||| |||| 00| 0 eng d
035 ## - SYSTEM CONTROL NUMBER
System control number (Sirsi) u13640
041 ## - LANGUAGE CODE
Language code of text/sound track or separate title eng
050 ## - LIBRARY OF CONGRESS CALL NUMBER
Classification number 526.33
100 ## - MAIN ENTRY--PERSONAL NAME
Personal name Schmitz, Michael J
245 ## - TITLE STATEMENT
Title Surveying computations: mastery or mystery
260 ## - PUBLICATION, DISTRIBUTION, ETC.
Place of publication, distribution, etc. Rancho Cordova, CA
Name of publisher, distributor, etc. Landmark Enterprise
Date of publication, distribution, etc. 1981
300 ## - PHYSICAL DESCRIPTION
Extent 184p. ill. 28cm
350 ## - PRICE (NR) (BK AM CF MU VM SE) [OBSOLETE]
Price 10.5
942 ## - ADDED ENTRY ELEMENTS (KOHA)
Suppress in OPAC 0
948 ## - LOCAL PROCESSING INFORMATION (OCLC); SERIES PART DESIGNATOR (RLIN)
c (OCLC) 04/03/1997
Holdings
Withdrawn status Lost status Source of classification or shelving scheme Damaged status Not for loan Home library Current library Shelving location Date acquired Cost, normal purchase price Total Checkouts Full call number Barcode Date last seen Copy number Cost, replacement price Price effective from Koha item type
    Dewey Decimal Classification     London London Basement 14/09/1999 10.50   RESERVE SHELVES 30004011 06/08/2019 1 10.50 06/08/2019 Book